000 00315pab a2200133 454500
008 180718b1988 xxu||||| |||| 00| 0 eng d
245 _aEthnic Monorities in South Asia
260 _c1988
300 _a334-422
362 _aOct.-Dec.
650 _aEthnicity - Asia, South
773 _aSocial Action
909 _a7819
999 _c7819
_d7819